000 00496nam a22001817a 4500
005 20170608102855.0
010 _aENG-118561
020 _a9789350451052
_c250.00
035 _aEN-102093
037 _bDBAD/PUB
082 _a881
100 _aPatel, Saptak
245 _aCount your letters /
_cby Saptak Patel
260 _aCalcutta
_bWriter Workshop
_c2015
270 _a162/92 Lake Gardens
_bCalcutta
_e700045
300 _a104p.
_c22cm(Hb)
942 _2ddc
_cEN
_mPAT
_h881
999 _c140869
_d140869